The New Testament: (Record no. 19711)
[ view plain ]
| 000 -LEADER | |
|---|---|
| fixed length control field | 00504nam a22001577a 4500 |
| 008 - FIXED-LENGTH DATA ELEMENTS--GENERAL INFORMATION | |
| fixed length control field | 221027b |||||||| |||| 00| 0 eng d |
| 020 ## - INTERNATIONAL STANDARD BOOK NUMBER | |
| International Standard Book Number | 9780190909000 |
| 050 ## - LIBRARY OF CONGRESS CALL NUMBER | |
| Classification number | BS2330.3 |
| Item number | .E38 2020 |
| 100 ## - MAIN ENTRY--PERSONAL NAME | |
| Personal name | Ehrman, Bart D. |
| 245 ## - TITLE STATEMENT | |
| Title | The New Testament: |
| Remainder of title | A historical introduction to the early christian writings/ |
| Statement of responsibility, etc. | Bart D. Ehrman |
| 250 ## - EDITION STATEMENT | |
| Edition statement | 7th ed. |
| 260 ## - PUBLICATION, DISTRIBUTION, ETC. (IMPRINT) | |
| Place of publication, distribution, etc. | New York |
| Name of publisher, distributor, etc. | Oxford university press |
| Date of publication, distribution, etc. | 2020 |
| 300 ## - PHYSICAL DESCRIPTION | |
| Extent | xxxiii, 587p. |
| 650 ## - SUBJECT ADDED ENTRY--TOPICAL TERM | |
| Topical term or geographic name as entry element | Bible |
| Form subdivision | New testament |
| General subdivision | Introductions |
| 942 ## - ADDED ENTRY ELEMENTS (KOHA) | |
| Source of classification or shelving scheme | Library of Congress Classification |
| Koha item type | General Collection |
| Withdrawn status | Lost status | Source of classification or shelving scheme | Not for loan | Home library | Current library | Date acquired | Cost, normal purchase price | Inventory number | Total Checkouts | Full call number | Barcode | Date last seen | Date last checked out | Copy number | Price effective from | Koha item type |
|---|---|---|---|---|---|---|---|---|---|---|---|---|---|---|---|---|
| Library of Congress Classification | Kabarak, Main Campus | Kabarak, Main Campus | 27/10/2022 | 8647.00 | 0692/2022 | 6 | BS2330.3 .E38 2020 C.1 | 032210 | 02/08/2024 | 27/07/2023 | C.1 | 27/10/2022 | General Collection |